Hiçbir erkeğin olmadığı yer (Record no. 6908)

000 -LEADER
fixed length control field 00928nmm a2200277 a 4500
001 - CONTROL NUMBER
control field ocm000607416
003 - CONTROL NUMBER IDENTIFIER
control field TR-IsHL
005 - DATE AND TIME OF LATEST TRANSACTION
control field 20201028135736.0
008 - FIXED-LENGTH DATA ELEMENTS--GENERAL INFORMATION
fixed length control field 131209s2011 tu tur
007 - PHYSICAL DESCRIPTION FIXED FIELD--GENERAL INFORMATION
fixed length control field cr cn
020 ## - INTERNATIONAL STANDARD BOOK NUMBER
International Standard Book Number 9786054429493
035 ## - SYSTEM CONTROL NUMBER
System control number 607416
-- (N$T)
050 04 - LIBRARY OF CONGRESS CALL NUMBER
Classification number PR6063
Item number .H292 2011
090 04 - LOCALLY ASSIGNED LC-TYPE CALL NUMBER (OCLC); LOCAL CALL NUMBER (RLIN)
Classification number (OCLC) (R) ; Classification number, CALL (RLIN) (NR) PR6063
Local cutter number (OCLC) ; Book number/undivided call number, CALL (RLIN) .H292 2011
100 1# - MAIN ENTRY--PERSONAL NAME
Personal name Hauge, Lesley
245 10 - TITLE STATEMENT
Title Hiçbir erkeğin olmadığı yer
Medium [electronic resource] /
Statement of responsibility, etc. Lesley Hauge ; çev. Yıldız Kılınç
260 ## - PUBLICATION, DISTRIBUTION, ETC.
Place of publication, distribution, etc. İstanbul :
Name of publisher, distributor, etc. Arunas Yayıncılık,
Date of publication, distribution, etc. 2011
300 ## - PHYSICAL DESCRIPTION
Extent 244 p.
650 #4 - SUBJECT ADDED ENTRY--TOPICAL TERM
Topical term or geographic name entry element Dil ve Edebiyat
650 #4 - SUBJECT ADDED ENTRY--TOPICAL TERM
Topical term or geographic name entry element Language and Literature
650 #0 - SUBJECT ADDED ENTRY--TOPICAL TERM
Topical term or geographic name entry element İngiliz romanı
650 #0 - SUBJECT ADDED ENTRY--TOPICAL TERM
Topical term or geographic name entry element English fiction
650 #7 - SUBJECT ADDED ENTRY--TOPICAL TERM
Topical term or geographic name entry element LITERARY COLLECTIONS / European / English, Irish, Scottish, Welsh
Source of heading or term bisacsh
700 1# - ADDED ENTRY--PERSONAL NAME
Personal name Kılınç, Yıldız
856 40 - ELECTRONIC LOCATION AND ACCESS
Uniform Resource Identifier <a href="http://search.ebscohost.com/login.aspx?direct=true&scope=site&db=e011xww&AN=607416">http://search.ebscohost.com/login.aspx?direct=true&scope=site&db=e011xww&AN=607416</a>
Holdings
Withdrawn status Lost status Source of classification or shelving scheme Damaged status Not for loan Collection code Permanent Location Current Location Date acquired Total Checkouts Full call number Barcode Date last seen Price effective from Koha item type
        Online   Kıbrıs Amerikan Üniversitesi Kütüphanesi / American University of Cyprus Kıbrıs Amerikan Üniversitesi Kütüphanesi / American University of Cyprus 28.10.2020   PR6063 .H292 2011 607416 28.10.2020 28.10.2020 E-Kitap
Devinim Yazılım Eğitim Danışmanlık tarafından Koha'nın orjinal sürümü uyarlanarak geliştirilip kurulmuştur.